Archaia kypriakē technē sto Mouseio tou Hidrymatos Pieridē /

Bibliographic Details
Main Author: Karageorghis, Vassos
Corporate Author: Mouseio tou Hidrymatos Pieridē (Larnaca, Cyprus)
Other Authors: Rizopoulou-Ēgoumenidou, Phrosō, Bakirtzē, Demētar, Elliott, Carolyn M., 1937-
Format: Book
Language:Greek, Modern (1453-)
English
Published: Larnaka, Cyprus : Hidryma Pieridē, 1985.
Subjects:

MARC

Tag First Indicator Second Indicator Subfields
LEADER 00000cam a2200000 a 4500
001 in00000009686
005 20160130063700.0
008 860225s1985 cy a cb 00010 greo
010 |a  86122750  
035 |a (OCoLC)13666926 
035 |9 AAA4060AM 
040 |a DLC  |c DLC  |d m/c  |d TXA  |d UtOrBLW 
041 0 |a gre  |a eng 
043 |a a-cy--- 
049 |a TXAM  |c [A11029763] 
050 0 0 |a N5430  |b .K37 1985 
082 0 |a 730/.0939/37074095645  |2 19 
100 1 |a Karageorghis, Vassos. 
245 1 0 |a Archaia kypriakē technē sto Mouseio tou Hidrymatos Pieridē /  |c Vasos Karagiōrgēs ; se synergasia me Phrosō Rizopoulou-Ēgoumenidou, Dēmētra Bakirtzē, Carolyn Elliott = Ancient Cypriote art in the Pierides Foundation Museum / Vassos Karageorghis ; in collaboration with Frosso Risopoulou-Egoumenidou, Demetra Bakirtzi, Carolyn Elliott. 
246 3 1 |a Ancient Cypriote art in the Pierides Foundation Museum  
264 1 |a Larnaka, Cyprus :  |b Hidryma Pieridē,  |c 1985. 
300 |a 279 pages :  |b illustrations (some color) ;  |c 28 cm. 
336 |a text  |b txt  |2 rdacontent 
337 |a unmediated  |b n  |2 rdamedia 
338 |a volume  |b nc  |2 rdacarrier 
500 |a English and Greek. 
504 |a Bibliography: pages 278-279. 
650 0 |a Art, Cypriot  |v Catalogs. 
650 0 |a Art, Ancient  |z Cyprus  |x Catalogs. 
650 0 |a Art, Cyprus  |z Larnaka  |x Catalogs. 
610 2 0 |a Mouseio tou Hidrymatos Pieridē (Larnaka, Cyprus)  |x Catalogs. 
700 1 |a Rizopoulou-Ēgoumenidou, Phrosō. 
700 1 |a Bakirtzē, Demētar. 
700 1 |a Elliott, Carolyn M.,  |d 1937- 
710 2 |a Mouseio tou Hidrymatos Pieridē (Larnaca, Cyprus) 
740 0 |a Ancient Cypriote art in Pierides Foundation Museum. 
999 |a MARS 
999 f f |s b96d35a5-081d-3c61-96c8-8c868b4efdac  |i 662f715e-77b2-3bce-b5e3-3398b0a6e690  |t 0 
952 f f |p ric  |a Texas A&M University  |b Rellis Campus  |c Joint Library Facility  |d Remote Storage  |t 0  |e N5430 .K37 1985  |h Library of Congress classification  |i unmediated -- volume  |m A14811029763 
998 f f |a N5430 .K37 1985  |t 0  |l Remote Storage